| 000 | 00638nam a2200181Ia 4500 | ||
|---|---|---|---|
| 008 | 100921s9999 xx 000 0 und d | ||
| 082 |
_b6681 _a920.71 थ 78 |
||
| 100 | _aमिराशी मधुसूदन वासुदेव. | ||
| 245 | _aवडिलांच्या सेवेसी. | ||
| 260 |
_b--- _c1978 |
||
| 300 |
_a32 _b--- |
||
| 365 | _b0 | ||
| 520 | _aचरित्र्ेा-पुरूष. | ||
| 630 | _aवडिलांच्या सेवेसी. | ||
| 650 | _aचरित्र्ेा-पुरूष. | ||
| 730 | _aवडिलांच्या सेवेसी. | ||
| 942 | _cBOOK | ||
| 999 |
_c755794 _d755791 |
||